Szczegóły MARC21

Podręczny słownik medyczny polsko-niemiecki i niemiecko-polski /

003 -Nazwa inst., której nr kontr. jest w polu 001 [,]
    • @
    • Nazwa instytucji, której n kontrolny jest w polu 001
    • NUKAT
005 -DATA I CZAS OSTATNIEJ MODYFIKACJI [,]
    • @
    • pole kontrolne
    • 20241231104629.0
020 -Międzynarod. znormalizowany nr książki - ISBN [ , ]
    • a
    • Numer ISBN
    • 8320033853 Find
040 -Instytucja sporządzająca opis [ , ]
    • a
    • Instytucja, która sporządziła opis (NP)
    • KR U/42UN
    • b
    • Język katalogowania
    • pol
    • e
    • Zasady katalogowania
    • rda
    • c
    • Instytucja, która sporządziła rekord (NP)
    • KR U/42UN
    • d
    • Instytucja, która zmodyfikowała rekord (P)
    • KR U/42MM
    • d
    • Instytucja, która zmodyfikowała rekord (P)
    • KR U/42AKs
    • d
    • Instytucja, która zmodyfikowała rekord (P)
    • GL 001/FMM
    • d
    • Instytucja, która zmodyfikowała rekord (P)
    • KIEL 010/EPs
    • d
    • Instytucja, która zmodyfikowała rekord (P)
    • GL 001/FAN
041 -Język dokumentu [0, ]
    • a
    • Język tekstu (P)
    • polski
    • a
    • Język tekstu (P)
    • niemiecki
942 -Rodzaj dokumentu [ , ]
    • c
    • Rodzaj dokumentu
    • Książka
100 -Hasło główne - nazwa osobowa [1, ]
    • a
    • Nazwa osobowa (NP)
    • Tafil-Klawe, Małgorzata M.
    • d
    • Daty biograficzne (NP)
    • (1955- ).
    • e
    • Rodzaj współpracy
    • Autor
    • 9
    • KHW
    • 60246
245 -Strefa tytułu i oznaczenia odpowiedzialności [1,0]
    • a
    • Tytuł
    • Podręczny słownik medyczny polsko-niemiecki i niemiecko-polski / Find
    • c
    • Pozostałe elementy strefy tytułu i oznaczenia odpowiedzialności (NP)
    • Małgorzata Tafil-Klawe, Jacek Klawe ; redakcja naukowa Stanisław Filipecki, Aleksander Michajlik.
246 -Wariant tytułu [1,5]
    • a
    • Tytuł (NP)
    • Medizinisches Handwörterbuch Polnisch-Deutsch und Deutsch-Polnisch
250 -Strefa wydania [ , ]
    • a
    • Oznaczenie wydania (NP)
    • Wydanie II (dodruk).
260 -Strefa adresu wydawniczego [ , ]
    • a
    • Miejsce wydania (P)
    • Warszawa :
    • b
    • Nazwa wydawcy (P)
    • Wydawnictwo Lekarskie PZWL,
    • c
    • Data wydania (P)
    • © copyright 2006.
300 -Strefa opisu fizycznego [ , ]
    • a
    • Określenie formy książki i/lub objętość (NP)
    • 1240 stron ;
    • c
    • Format (NP)
    • 21 cm.
336 -Typ zawartości [ , ]
    • a
    • Termin opisujący typ zawartości
    • Tekst
    • b
    • Kod określający zawartość
    • txt
    • 2
    • Źródło (terminu i kodu)
    • rdacontent
337 -Typ mediów [ , ]
    • a
    • Tryb odtwarzania
    • Bez urządzenia pośredniczącego
    • b
    • Kod typu mediów
    • n
    • 2
    • Źródło (terminu i kodu)
    • rdamedia
338 -Typ/rodzaj nośnika [ , ]
    • a
    • Hasło opisujące typ nośnika
    • Wolumin
    • b
    • Kod typu nośnika
    • nc
    • 2
    • Źródło (terminu i kodu)
    • rdacarrier
504 -Uwaga dot. bibliogr. załącznikowej [ , ]
    • a
    • Uwaga dot. bibliografii załącznikowej
    • Bibliografia na stronie 8.
650 -Hasło przedmiotowe [ ,7]
    • a
    • Hasło przedmiotowe
    • Medycyna
    • v
    • Określnik formalny
    • słowniki niemieckie.
    • 2
    • Źródło terminu
    • kaba
    • 9
    • KHW
    • 423925
650 -Hasło przedmiotowe [ ,7]
    • a
    • Hasło przedmiotowe
    • Medycyna
    • v
    • Określnik formalny
    • słowniki polskie.
    • 2
    • Źródło terminu
    • kaba
    • 9
    • KHW
    • 360182
650 -Hasło przedmiotowe [ ,7]
    • a
    • Hasło przedmiotowe
    • Język polski
    • x
    • Określnik rzeczowy
    • język medyczny
    • v
    • Określnik formalny
    • glosaria polskie.
    • 2
    • Źródło terminu
    • kaba
    • 9
    • KHW
    • 451616
650 -Hasło przedmiotowe [ ,7]
    • a
    • Hasło przedmiotowe
    • Język niemiecki
    • x
    • Określnik rzeczowy
    • język medyczny
    • v
    • Określnik formalny
    • glosaria polskie.
    • 2
    • Źródło terminu
    • kaba
    • 9
    • KHW
    • 451615
700 -Hasło dodatkowe - nazwa osobowa [1, ]
    • a
    • Nazwa osobowa (NP)
    • Klawe, Jacek J. Find
    • d
    • Daty biograficzne (NP)
    • (1958- ).
    • e
    • Określenie rodzaju współpracy
    • Autor
    • 9
    • KHW
    • 451522
700 -Hasło dodatkowe - nazwa osobowa [1, ]
    • a
    • Nazwa osobowa (NP)
    • Filipecki, Stanisław Find
    • d
    • Daty biograficzne (NP)
    • (1927-2007).
    • e
    • Określenie rodzaju współpracy
    • Redakcja
    • 9
    • KHW
    • 451521
700 -Hasło dodatkowe - nazwa osobowa [1, ]
    • a
    • Nazwa osobowa (NP)
    • Michajlik, Aleksander Find
    • d
    • Daty biograficzne (NP)
    • (1922-2006).
    • e
    • Określenie rodzaju współpracy
    • Redakcja
    • 9
    • KHW
    • 55758
710 -Hasło dodatkowe - nazwa ciała zbiorowego [2, ]
    • a
    • Nazwa ciała zbiorowego lub nazwa geograficzna jako pierwszy element (NP)
    • Wydawnictwo Lekarskie PZWL.
    • e
    • Rodzaj współpracy
    • Wydawca
    • 4
    • Kod relacji
    • pbl
    • 9
    • KHW
    • 57488
920 -ISBN [ , ]
    • a
    • ISBN
    • 83-200-3385-3 Find
Sygnatura Data inwentaryzacji Lokalizacja Numer inwentarzowy Status udost.
GERM. Słowniki medyczne 052018-05-21BMG.194051